Cargando...

New economic history. recent papers on methodology. /

Detalles Bibliográficos
Autor principal: Andreano, Ralph L.
Lenguaje:Undetermined
Publicado: 1970.
Colección:Wiley series in American Economic history ed by Ralph L Andreano
LEADER 00670nam a2200145Ia 4500
001 103847
008 170722s9999 xx 000 0 und d
100 |a Andreano, Ralph L. 
245 |a New economic history.  |b recent papers on methodology. / 
260 |c 1970. 
490 |a Wiley series in American Economic history ed by Ralph L Andreano 
942 |c GEN 
999 |c 76674  |d 76674 
952 |0 0  |1 0  |4 0  |6 X__73_000000000000000_N6_L01L011  |7 0  |8 LC1  |9 108297  |a LIB  |b LIB  |d 2017-08-12  |h LC1  |o X.73.N6 L01-L01;1  |p 130087  |r 2017-08-12  |w 2017-08-12  |y GEN 
952 |0 0  |1 0  |4 0  |6 X__73_000000000000000_N6_L01L011  |7 0  |8 LC1  |9 108298  |a LIB  |b LIB  |d 2017-08-12  |h LC1  |o X.73.N6 L01-L01;1  |p 132342  |r 2017-08-12  |w 2017-08-12  |y GEN